000
00312nam a22001217a 4500
008
230620b xxu||||| |||| 00| 0 eng d
082
_a
309.1
_b
SMU
100
_c
Juhan Smuul
245
_a
Antarctica ahoy!
_b
The ice book
260
_a
Moscow
_b
Foreign languages publishing house
300
_a
308p
942
_2
ddc
_c
BK
999
_c
1457
_d
1457